Kritéria a nástroje emisní politiky ŠBČS.
Tvorba nového kapitálu výrobnou činnosťou podnikov. Vplyv nejestvovania peňažného a kapitálového trhu na spôsoby úverovej emisie ŠBČS. Politika stability devízového kurzu čs. koruny. Opatrenia ŠBČS v r. 1992 na skvalitnenie menovej politiky.
Guardado en:
| Autor principal: | |
|---|---|
| Formato: | Capítulo de libro |
| Lenguaje: | checo |
| Materias: | |
| Etiquetas: |
Sin Etiquetas, Sea el primero en etiquetar este registro!
|
MARC
| LEADER | 00000naa a2200000 4500 | ||
|---|---|---|---|
| 001 | r008983 | ||
| 005 | 20220831090328.2 | ||
| 041 | 0 | |a cze | |
| 044 | |a [CS] | ||
| 245 | 1 | 0 | |a Kritéria a nástroje emisní politiky ŠBČS. |c M. Koštel |
| 520 | |a Tvorba nového kapitálu výrobnou činnosťou podnikov. Vplyv nejestvovania peňažného a kapitálového trhu na spôsoby úverovej emisie ŠBČS. Politika stability devízového kurzu čs. koruny. Opatrenia ŠBČS v r. 1992 na skvalitnenie menovej politiky. | ||
| 610 | 2 | 0 | |a politika menová |
| 610 | 2 | 0 | |a banky štátne |
| 610 | 2 | 0 | |a ŠBČS |
| 610 | 2 | 0 | |a nástroje ekonomické |
| 610 | 2 | 0 | |a emisia |
| 610 | 2 | 0 | |a úver bankový |
| 610 | 2 | 0 | |a kurz devízový |
| 610 | 2 | 0 | |a koruna |
| 100 | 1 | |a Koštel, M. | |